Catálogo
 En Linea

Los cuatro acuerdos : (Registro nro. 33840)

Detalles MARC
000 -CABECERA
campo de control de longitud fija 00729nam a2200217 a 4500
001 - NÚMERO DE CONTROL
campo de control 000034349
005 - FECHA Y HORA DE LA ÚLTIMA TRANSACCIÓN
campo de control 20250430073846.0
008 - DATOS DE LONGITUD FIJA--INFORMACIÓN GENERAL
campo de control de longitud fija 111003s1999 xxu 000 0 spa d
020 ## - NÚMERO INTERNACIONAL ESTÁNDAR DEL LIBRO
Número Internacional Estándar del Libro 187842436x
082 ## - NÚMERO DE LA CLASIFICACIÓN DECIMAL DEWEY
Número de clasificación 158.1
Número de documento/Ítem R934c
040 ## - FUENTE DE LA CATALOGACIÓN
Centro catalogador/agencia de origen DO-SdBNP
100 1# - ENTRADA PRINCIPAL--NOMBRE DE PERSONA
Nombre de persona Ruíz, Miguel
Fechas asociadas al nombre 1952-
9 (RLIN) 59772
240 10 - TÍTULO UNIFORME
Título uniforme The Four agreements
Lenguaje de la obra español
245 14 - MENCIÓN DE TÍTULO
Título Los cuatro acuerdos :
Resto del título un libro de sabiduría tolteca /
Mención de responsabilidad, etc. Miguel Ruíz ; traductor Luz Hernández.
260 ## - PUBLICACIÓN, DISTRIBUCIÓN, ETC.
Lugar de publicación, distribución, etc. California :
Nombre del editor, distribuidor, etc. Amber Allen Publicaciones,
Fecha de publicación, distribución, etc. 1999.
300 ## - DESCRIPCIÓN FÍSICA
Extensión 142 p. ;
Dimensiones 21 cm.
650 #0 - PUNTO DE ACCESO ADICIONAL DE MATERIA--TÉRMINO DE MATERIA
Término de materia o nombre geográfico como elemento de entrada Autorrealización (Psicología)
9 (RLIN) 211
650 #4 - PUNTO DE ACCESO ADICIONAL DE MATERIA--TÉRMINO DE MATERIA
Término de materia o nombre geográfico como elemento de entrada Filosofía tolteca
9 (RLIN) 59773
700 12 - PUNTO DE ACCESO ADICIONAL--NOMBRE DE PERSONA
Nombre de persona Hernández, Luz
Término indicativo de función/relación tr.
9 (RLIN) 59774
910 ## - DATOS DE OPCIÓN DEL USUARIO (OCLC)
Datos de opción del usuario Validado. Control de calidad MFF
Existencias
Estado de retiro Estado de pérdida Restricciones de uso No para préstamo Código de colección Localización permanente Ubicación/localización actual Ubicación en estantería Fecha de adquisición Número de inventario Total de préstamos Signatura topográfica completa Código de barras Fecha visto por última vez Precio válido a partir de Tipo de ítem Koha
    Préstamo interno   Monografías: Libros y Folletos General General Depósito 03.10.2011 LF1   158.1 R934c 34349-10 25.06.2020 25.06.2020 Préstamo interno

Con tecnología Koha